<?xml version="1.0" encoding="UTF-8"?>
<collection xmlns:xsi="http://www.w3.org/2001/XMLSchema-instance" xsi:schemaLocation="http://www.loc.gov/MARC21/slim http://www.loc.gov/standards/marcxml/schema/MARC21slim.xsd" xmlns="http://www.loc.gov/MARC21/slim">
 <record>
  <leader>00000nam a2200000 i 4500</leader>
  <controlfield tag="001">UP-1685936960461363273</controlfield>
  <controlfield tag="003">Buklod</controlfield>
  <controlfield tag="005">20240213134641.0</controlfield>
  <controlfield tag="006">m     |  | |      </controlfield>
  <controlfield tag="007">ta</controlfield>
  <controlfield tag="008">240213s2022    enk     r   b|101 0|eng d</controlfield>
  <datafield tag="020" ind1=" " ind2=" ">
   <subfield code="a">9781802204285</subfield>
  </datafield>
  <datafield tag="035" ind1=" " ind2=" ">
   <subfield code="a">22693319</subfield>
  </datafield>
  <datafield tag="037" ind1=" " ind2=" ">
   <subfield code="a">BC-74328</subfield>
   <subfield code="b">Linar International Book Resources, Inc.</subfield>
   <subfield code="c">Php 6,975.00</subfield>
  </datafield>
  <datafield tag="040" ind1=" " ind2=" ">
   <subfield code="a">DLC</subfield>
   <subfield code="d">BAG</subfield>
   <subfield code="e">rda</subfield>
  </datafield>
  <datafield tag="041" ind1="0" ind2=" ">
   <subfield code="a">eng</subfield>
  </datafield>
  <datafield tag="090" ind1=" " ind2="0">
   <subfield code="a">KJC 6242 A6</subfield>
   <subfield code="b">H86 2020</subfield>
  </datafield>
  <datafield tag="111" ind1="2" ind2=" ">
   <subfield code="a">Human Rights for the Planet (Conference)</subfield>
   <subfield code="d">(2020</subfield>
   <subfield code="c">Strasbourg, France)</subfield>
  </datafield>
  <datafield tag="245" ind1="1" ind2="0">
   <subfield code="a">Human rights and the planet</subfield>
   <subfield code="b">the future of environmental human rights in the European Court of Human Rights</subfield>
   <subfield code="c">edited by Natalia Kobylarz ; Evadne Grant.</subfield>
  </datafield>
  <datafield tag="264" ind1=" " ind2="1">
   <subfield code="a">Cheltenham, [England]</subfield>
   <subfield code="b">Edward Elgar Publishing Limited</subfield>
   <subfield code="c">[2022]</subfield>
  </datafield>
  <datafield tag="300" ind1=" " ind2=" ">
   <subfield code="a">202 pages</subfield>
   <subfield code="c">26 cm</subfield>
  </datafield>
  <datafield tag="336" ind1=" " ind2=" ">
   <subfield code="a">text</subfield>
   <subfield code="2">rdacontent</subfield>
  </datafield>
  <datafield tag="337" ind1=" " ind2=" ">
   <subfield code="a">unmediated</subfield>
   <subfield code="2">rdamedia</subfield>
  </datafield>
  <datafield tag="338" ind1=" " ind2=" ">
   <subfield code="a">volume</subfield>
   <subfield code="2">rdacarrier</subfield>
  </datafield>
  <datafield tag="500" ind1=" " ind2=" ">
   <subfield code="a">&quot;A special issue of the Journal of Human Rights &amp; Environment&quot;</subfield>
  </datafield>
  <datafield tag="500" ind1=" " ind2=" ">
   <subfield code="a">&quot;On 5 October 2020 a high-level international conference &quot;Human Rights for the Planet&quot; was held at the European Court if Human Rights (ECtHR) in Strasbourg.&quot;  --Page 1.</subfield>
  </datafield>
  <datafield tag="504" ind1=" " ind2=" ">
   <subfield code="a">Includes bibliographical references and index.</subfield>
  </datafield>
  <datafield tag="505" ind1="0" ind2=" ">
   <subfield code="a">Human rights the planet : the future of environmental human rights in the European Court of Human Rights / Natalia Kobylarz and Evadne Grant -- Interview: P Sands (PS) in conversation with R Spano (RS) : 8 July 2021 / Natalia Kobylarz and Evadne Grant -- Balancing its way out of strong anthropocentrism : integration of 'ecological minimum standards' in the European Court of Human Rights' 'fair balance' review / Natalia Kobylarz -- Inter-American approaches to the protection of the right to a healthy environment and the rights of nature and potential contributions to the European human rights system / Jorge Calderón-Gamboa and Julie Diane Recinos -- Does the European Convention on Human Rights guarantee a human right to clean and healthy air? : litigating at the nexus between human rights and the environment : the practitioners' perspective / Irmina Kotiuk, Adam Weiss and Ugo Taddei -- The climate change dimension of human rights : due diligence and states' positive obligations / Christina Voigt -- The future of environmental cases in the European Court of Human Rights : extraterritoriality, victim status, treaty interpretation, attribution, imminence and 'due diligence' in climate change cases / Monica Feria-Tinta -- The Strasbourg Principles of International Environmental Human Rights Law, 2022 / Natalia Kobylarz and Evadne Grant.</subfield>
  </datafield>
  <datafield tag="520" ind1=" " ind2=" ">
   <subfield code="a">&quot;Adopted in the aftermath of the Second World War and implemented as a 'living instrument', the European Convention on Human Rights has, over the past 70 years, shown remarkable adaptability to changing circumstances through the evolutive jurisprudence of the European Court of Human Rights. While the Court has already demonstrated its willingness to address new challenges to human rights arising from environmental damage and climate change, growing scientific evidence and mounting public demand for action have accelerated the need for more fundamental engagement. This timely book - also a Special Issue of the Journal of Human Rights and the Environment - brings into sharp relief the specific challenges faced by the Court in addressing the human rights impacts of the interlocking environmental and climate crises. Leading scholars and practitioners, including the President of the European Court of Human Rights, provide important insights into current thinking about environmental human rights in different jurisdictions and ways in which the European Court could adapt its principles and practice in light of the evolving international environmental human rights corpus iuris. Drawing together theoretical insights and practice-led commentary, the contributions to this important book will be of interest to human rights and environmental law scholars, practitioners, students and policy makers&quot;--Provided by publisher.</subfield>
  </datafield>
  <datafield tag="610" ind1="2" ind2="0">
   <subfield code="a">European Court of Human Rights</subfield>
   <subfield code="v">Congresses.</subfield>
  </datafield>
  <datafield tag="630" ind1="0" ind2="0">
   <subfield code="a">Convention for the Protection of Human Rights and Fundamental Freedoms</subfield>
   <subfield code="d">(1950 November 5)</subfield>
   <subfield code="v">Congresses.</subfield>
  </datafield>
  <datafield tag="650" ind1=" " ind2="0">
   <subfield code="a">Environmental law</subfield>
   <subfield code="z">Europe</subfield>
   <subfield code="v">Congresses.</subfield>
  </datafield>
  <datafield tag="650" ind1=" " ind2="0">
   <subfield code="a">Climatic changes</subfield>
   <subfield code="x">Law and legislation</subfield>
   <subfield code="z">Europe</subfield>
   <subfield code="v">Congresses.</subfield>
  </datafield>
  <datafield tag="650" ind1=" " ind2="0">
   <subfield code="a">Human rights</subfield>
   <subfield code="x">Environmental aspects</subfield>
   <subfield code="z">Europe</subfield>
   <subfield code="v">Congresses.</subfield>
  </datafield>
  <datafield tag="700" ind1="1" ind2=" ">
   <subfield code="a">Grant, Evadne</subfield>
   <subfield code="e">editor.</subfield>
  </datafield>
  <datafield tag="700" ind1="1" ind2=" ">
   <subfield code="a">Kobylarz, Natalia</subfield>
   <subfield code="e">editor.</subfield>
  </datafield>
  <datafield tag="710" ind1="2" ind2=" ">
   <subfield code="a">European Court of Human Rights</subfield>
   <subfield code="e">Host institution.</subfield>
  </datafield>
  <datafield tag="730" ind1="0" ind2=" ">
   <subfield code="a">Journal of human rights and the environment.</subfield>
  </datafield>
  <datafield tag="905" ind1=" " ind2=" ">
   <subfield code="a">FO</subfield>
  </datafield>
  <datafield tag="852" ind1="0" ind2=" ">
   <subfield code="a">UPBAG</subfield>
   <subfield code="b">UPBAG-MAIN</subfield>
   <subfield code="h">KJC 6242 A6</subfield>
   <subfield code="i">H86 2020</subfield>
  </datafield>
  <datafield tag="852" ind1="0" ind2=" ">
   <subfield code="a">UPD</subfield>
   <subfield code="b">DSWCD</subfield>
   <subfield code="h">KJC 6242 A6</subfield>
   <subfield code="i">H86 2020</subfield>
  </datafield>
  <datafield tag="942" ind1=" " ind2=" ">
   <subfield code="a">Book</subfield>
  </datafield>
 </record>
</collection>
